The triumphal sun : A Study of the works of Jalaloddin Rumi (Record no. 23355)
[ view plain ]
| 000 -LEADER | |
|---|---|
| fixed length control field | 00507pam a2200157 a 4500 |
| 020 ## - INTERNATIONAL STANDARD BOOK NUMBER | |
| ISBN | 0791416356 (alk. paper) |
| 020 ## - INTERNATIONAL STANDARD BOOK NUMBER | |
| ISBN | 0791416364 (pbk. : alk. paper) |
| 082 00 - DEWEY DECIMAL CLASSIFICATION NUMBER | |
| Classification number | 891.5511 |
| Author Cutter | SCH |
| 100 1# - MAIN ENTRY--AUTHOR NAME | |
| Author name | Schimmel, Annemarie, |
| 245 14 - TITLE STATEMENT | |
| Title | The triumphal sun : A Study of the works of Jalaloddin Rumi |
| 260 ## - PUBLICATION, DISTRIBUTION, ETC. (IMPRINT) | |
| Place of publication | Albany, NY : |
| Name of publisher | State University of New York Press, |
| Year of publication | c1993. |
| 300 ## - PHYSICAL DESCRIPTION | |
| Number of Pages | xviii, 513 p. ; |
| 500 ## - GENERAL NOTE | |
| General note | Previously published: London : East-West Publications. 1980. |
| 942 ## - ADDED ENTRY ELEMENTS (KOHA) | |
| Koha item type | Books |
| Home library | Current library | Shelving location | Date acquired | Source of acquisition | Cost, normal purchase price | Full call number | Accession Number | Koha item type |
|---|---|---|---|---|---|---|---|---|
| Henry Martyn Institute Library | Henry Martyn Institute Library | General stacks | 09/08/2023 | Netherlands | 3022.00 | 891.5511 SCH | 11-4744 | Books |
